000 00661cam a2200217 4500
001 sa 68020288
003 DLC
005 20260227112723.0
008 731120s1967 io a 00000beng
010 _asa 68020288 //r88
025 _aPL480:Indo-8125
043 _aa-io---
050 0 _aHQ1752.S37
_bI5
082 _a372.1/1/0924
_aB
110 1 0 _aIndonesia.
_bDepartemen Penerangan.
245 1 0 _aIbu Dewi Sartika, champion of women's emancipation.
260 0 _a[Djakarta]
_bDept. of Information, Republic of Indonesia
_c[1967?]
300 _a12 p.
_billus.
_c18 cm.
500 _a"Special issue, 030/67."
600 1 0 _aSartika, Dewi,
_cRaden,
_d1884-1947.
999 _c89339
_d89339